000
00428nam a2200133Ia 4500
008
100328s9999 xx 000 0 und d
082
_b
17233
100
_a
गिरीश
245
_a
सर्कस का हत्यारा
260
_b
पी.पी.बी. जर्नल्स
630
_a
सर्कस का हत्यारा
730
_a
सर्कस का हत्यारा
942
_c
BOOK
999
_c
511834
_d
511831